[Event "Pan American Intercollegiate-chT"]
[Site "Lubbock"]
[Date "2013.12.29"]
[Round "5.2"]
[White "Chiang, Michael"]
[Black "Gorovets, Andrey"]
[Result "0-1"]
[WhiteElo "2200"]
[BlackElo "2494"]
[PlyCount "146"]
[EventDate "2013.12.27"]
[EventType "team-swiss"]
[EventRounds "6"]
[EventCountry "USA"]
[SourceTitle "CBM 158 Extra"]
[Source "ChessBase"]
[SourceDate "2014.02.28"]
[SourceVersion "1"]
[SourceVersionDate "2014.02.28"]
[SourceQuality "1"]
[WhiteTeam "Princeton"]
[BlackTeam "Texas Tech"]
[WhiteTeamCountry "USA"]
[BlackTeamCountry "USA"]

1. e4 c5 2. Nf3 e6 3. b3 Nc6 4. Bb2 a6 5. d4 cxd4 6. Nxd4 Qf6 7. c3 Bc5 8. Qf3 Nxd4 9. cxd4 Bxd4 10. Qxf6 Bxf6 11. e5 Be7 12. Nd2 f6 13. Rc1 b5 14. Bd3 Bb7 15. 0-0 Nh6 16. Ne4 0-0 17. Nc5 Bxc5 18. Rxc5 fxe5 19. Bxe5 Rfc8 20. Rxc8+ Rxc8 21. h3 Nf7 22. Bb2 Nd6 23. Rd1 Bd5 24. Rd2 g6 25. h4 Kf7 26. h5 Ne8 27. hxg6+ hxg6 28. f3 Nf6 29. Kf2 Rh8 30. Ke3 Rh4 31. Kf2 Bc6 32. Kg3 g5 33. Kf2 Rh1 34. Bc2 g4 35. fxg4 Nxg4+ 36. Kg3 Ne3 37. Rf2+ Kg8 38. Bd4 Nxc2 39. Rxc2 Rd1 40. Bb2 Rf1 41. Kh4 Kf7 42. Rd2 Kg6 43. Kg4 Rf5 44. Kh4 Rh5+ 45. Kg3 Rg5+ 46. Kh3 Rh5+ 47. Kg3 Kf5 48. Rf2+ Ke4 49. Kg4 Rh2 50. Kg3 Rh1 51. Re2+ Kd3 52. Kf2 Rh2 53. Kf1 Rh4 54. Be5 Re4 55. Rxe4 Kxe4 56. Bd6 Kd5 57. Bb4 e5 58. Ke2 Ke4 59. Bd6 Kd5 60. Bb4 Ke6 61. g4 d5 62. Bc3 d4 63. Bb2 Kd5 64. g5 Be8 65. Kd2 Bh5 66. Ba3 e4 67. Bb4 e3+ 68. Kd3 Bg6+ 69. Ke2 Ke4 70. Ba5 d3+ 71. Ke1 d2+ 72. Bxd2 exd2+ 73. Kxd2 Kd4 0-1

[Event "World op 41st"]
[Site "Arlington"]
[Date "2013.07.03"]
[Round "3"]
[White "Bodek, Michael H"]
[Black "Chiang, Michael"]
[Result "1-0"]
[WhiteElo "2386"]
[BlackElo "2183"]
[PlyCount "61"]
[EventDate "2013.07.01"]
[EventType "swiss"]
[EventRounds "9"]
[EventCountry "USA"]
[SourceTitle "CBM 155 Extra"]
[Source "ChessBase"]
[SourceDate "2013.08.26"]
[SourceVersion "1"]
[SourceVersionDate "2013.08.26"]
[SourceQuality "1"]

1. e4 e5 2. Nf3 Nc6 3. Bc4 Bc5 4. c3 Nf6 5. d4 exd4 6. cxd4 Bb4+ 7. Bd2 Bxd2+ 8. Nbxd2 d5 9. exd5 Nxd5 10. 0-0 0-0 11. Rc1 Nce7 12. Ne4 c6 13. Re1 Ng6 14. Nc3 Bg4 15. Bxd5 cxd5 16. h3 Be6 17. Qd2 Qf6 18. Qg5 Qxg5 19. Nxg5 Nf4 20. Re3 h6 21. Nxe6 Nxe6 22. Nxd5 Rfd8 23. Ne7+ Kf8 24. Ng6+ fxg6 25. Rxe6 Rxd4 26. Rc7 Rd1+ 27. Kh2 Rd2 28. Rxg6 Rxf2 29. Rgxg7 Rxb2 30. Rcf7+ Ke8 31. Rf3 1-0

[Event "Nashville Super Nationals V"]
[Site "Nashville"]
[Date "2013.04.06"]
[Round "4"]
[White "Ostrovskiy, Aleksandr A"]
[Black "Chiang, Michael"]
[Result "1-0"]
[WhiteElo "2379"]
[BlackElo "2198"]
[PlyCount "99"]
[EventDate "2013.04.05"]
[EventType "swiss"]
[EventRounds "7"]
[EventCountry "USA"]
[SourceTitle "CBM 153 Extra"]
[Source "ChessBase"]
[SourceDate "2013.04.22"]
[SourceVersion "1"]
[SourceVersionDate "2013.04.22"]
[SourceQuality "1"]

1. e4 e5 2. Nf3 Nc6 3. Bb5 a6 4. Ba4 Nf6 5. d3 b5 6. Bb3 Bc5 7. 0-0 0-0 8. a4 Rb8 9. Nc3 d6 10. Bg5 h6 11. Be3 Bxe3 12. fxe3 Be6 13. axb5 axb5 14. Nd5 Bxd5 15. exd5 Ne7 16. e4 c6 17. dxc6 Nxc6 18. Qe1 Ra8 19. Rxa8 Qb6+ 20. Qf2 Qxf2+ 21. Kxf2 Rxa8 22. Ke2 Ra7 23. c3 b4 24. cxb4 Rb7 25. Bc4 Rxb4 26. b3 Na5 27. Nd2 Nxc4 28. dxc4 Nd7 29. Kd3 Kf8 30. Kc3 Rb7 31. Ra1 Ke7 32. b4 g6 33. g4 Ke6 34. Ra6 Nb8 35. Ra8 f5 36. gxf5+ gxf5 37. b5 Rb6 38. Ra7 fxe4 39. Nxe4 Nd7 40. Kb4 Rb8 41. Ra6 Nb6 42. c5 Nd5+ 43. Kc4 Ne3+ 44. Kd3 Nf5 45. Nxd6 Rd8 46. b6 Nxd6 47. b7 e4+ 48. Ke3 Rb8 49. Rxd6+ Ke7 50. Rxh6 1-0

[Event "New York State-ch 134th"]
[Site "Colonie"]
[Date "2012.09.02"]
[Round "6"]
[White "Stripunsky, Alexander"]
[Black "Chiang, Michael"]
[Result "1-0"]
[WhiteElo "2557"]
[BlackElo "2153"]
[PlyCount "49"]
[EventDate "2012.08.31"]
[EventType "swiss"]
[EventRounds "6"]
[EventCountry "USA"]
[SourceTitle "CBM 150 Extra"]
[Source "ChessBase"]
[SourceDate "2012.10.19"]
[SourceVersion "1"]
[SourceVersionDate "2012.10.19"]
[SourceQuality "1"]

1. e4 e5 2. Nf3 Nc6 3. Bb5 a6 4. Bxc6 dxc6 5. 0-0 Qd6 6. Na3 b5 7. c3 c5 8. Qe2 Bg4 9. Nc2 Be6 10. d3 Ne7 11. Rd1 Nc6 12. d4 cxd4 13. cxd4 Bc4 14. Qe1 Nxd4 15. Ncxd4 exd4 16. Nxd4 Qg6 17. b3 Be6 18. Qc3 Bd6 19. Qc6+ Ke7 20. e5 Bxe5 21. Ba3+ Kf6 22. Qf3+ Bf5 23. Nc6 Rae8 24. Nxe5 Rxe5 25. Bb2 1-0

[Event "Ischia op 4th"]
[Site "Ischia"]
[Date "2012.07.23"]
[Round "2"]
[White "Groh, Jiri"]
[Black "Chiang, Michael"]
[Result "1-0"]
[WhiteElo "2054"]
[BlackElo "2144"]
[PlyCount "111"]
[EventDate "2012.07.22"]
[EventType "swiss"]
[EventRounds "7"]
[EventCountry "ITA"]
[SourceTitle "EXT 2014"]
[Source "ChessBase"]
[SourceDate "2013.11.20"]
[SourceVersion "1"]
[SourceVersionDate "2013.11.20"]
[SourceQuality "1"]

1. c4 e5 2. d3 Nf6 3. Nc3 d5 4. cxd5 Nxd5 5. Nf3 Nc6 6. g3 Be7 7. Bg2 Nb6 8. 0-0 0-0 9. a3 Re8 10. Nd2 Nd4 11. Nc4 Nxc4 12. dxc4 c6 13. b4 Be6 14. e3 Nf5 15. c5 Qc7 16. Qc2 Nh6 17. e4 Ng4 18. h3 Nf6 19. Be3 Qc8 20. Kh2 Bc4 21. Rfd1 Qe6 22. Rd2 Red8 23. Rxd8+ Bxd8 24. Nb1 Bb3 25. Qb2 Bc7 26. Nd2 Bc4 27. Rc1 Rd8 28. Bf1 Qd7 29. Rc3 Bb5 30. Bxb5 cxb5 31. Qc2 Qc6 32. Rd3 Rxd3 33. Qxd3 b6 34. f3 h6 35. Kg2 a6 36. Nb3 bxc5 37. Bxc5 Qe6 38. Bf2 Qc6 39. Nc5 Bb6 40. h4 Bxc5 41. Bxc5 Qe6 42. Bf2 Ne8 43. Qd8 Kh7 44. Bc5 Qa2+ 45. Bf2 Qe6 46. Bc5 Nf6 47. Qc7 Qa2+ 48. Bf2 Qxa3 49. Qxe5 Qxb4 50. Qf5+ Kh8 51. e5 Ng8 52. Qxf7 a5 53. Qd5 a4 54. e6 a3 55. Bd4 Qd2+ 56. Kh3 1-0

[Event "SUI-chB"]
[Site "Flims"]
[Date "2012.07.16"]
[Round "5"]
[White "Chiang, Michael"]
[Black "Rindlisbacher, Jan"]
[Result "1-0"]
[WhiteElo "2144"]
[BlackElo "2204"]
[PlyCount "105"]
[EventDate "2012.07.12"]
[EventType "swiss"]
[EventRounds "9"]
[EventCountry "SUI"]
[SourceTitle "CBM 149 Extra"]
[Source "ChessBase"]
[SourceDate "2012.08.24"]
[SourceVersion "1"]
[SourceVersionDate "2012.08.24"]
[SourceQuality "1"]

1. e4 e5 2. Nf3 Nc6 3. Bb5 a6 4. Ba4 Nf6 5. 0-0 Be7 6. Bxc6 dxc6 7. d3 Nd7 8. Nbd2 0-0 9. Nc4 Bf6 10. Bd2 Re8 11. Bc3 g6 12. h3 c5 13. a4 b6 14. Nh2 Nf8 15. Nf3 Nd7 16. Nh2 Nf8 17. Qf3 Bd7 18. Ng4 Bxg4 19. hxg4 Qe7 20. g3 b5 21. Ne3 c6 22. Kg2 Ne6 23. Qd1 Red8 24. b3 Bg7 25. f4 Nd4 26. g5 Ne6 27. Qg4 exf4 28. Bxg7 f3+ 29. Qxf3 Kxg7 30. Nf5+ gxf5 31. exf5 Qxg5 32. fxe6 fxe6 33. Qxc6 Qd5+ 34. Qxd5 exd5 35. Rf5 b4 36. Raf1 Ra7 37. Rg5+ Kh8 38. Rff5 Rad7 39. Kf3 Rd6 40. Rf7 R6d7 41. Rgg7 Rxf7+ 42. Rxf7 Rc8 43. Rb7 Rc6 44. a5 c4 45. dxc4 dxc4 46. Rxb4 cxb3 47. cxb3 Rc5 48. Rb8+ Kg7 49. Rb7+ Kg8 50. b4 Rc4 51. b5 axb5 52. a6 Ra4 53. a7 1-0

[Event "North American-ch U16"]
[Site "Montreal"]
[Date "2010.08.17"]
[Round "3"]
[White "Chiang, Michael"]
[Black "Kraiouchkine, Nikita"]
[Result "0-1"]
[WhiteElo "2085"]
[BlackElo "2324"]
[PlyCount "82"]
[EventDate "2010.08.16"]
[EventType "swiss"]
[EventRounds "7"]
[EventCountry "CAN"]
[SourceTitle "EXT 2013"]
[Source "ChessBase"]
[SourceDate "2012.11.22"]
[SourceVersion "1"]
[SourceVersionDate "2012.11.22"]
[SourceQuality "1"]

1. e4 e5 2. Nf3 Nc6 3. Bb5 f5 4. d3 fxe4 5. dxe4 Nf6 6. Qd3 Bc5 7. Bc4 d6 8. Nc3 Nd4 9. Nxd4 Bxd4 10. Ne2 Bb6 11. 0-0 Qe7 12. Ng3 Be6 13. Nf5 Bxf5 14. exf5 0-0-0 15. Be6+ Kb8 16. a4 d5 17. a5 Bc5 18. Bg5 c6 19. Qe2 Bd6 20. c4 d4 21. b4 Bxb4 22. Qxe5+ Bd6 23. Qe2 d3 24. Qf3 Be5 25. Rab1 Qc7 26. g3 h6 27. Be3 Rhe8 28. c5 a6 29. Bc4 Ka7 30. Bd2 Rd4 31. Rb4 Nd5 32. Bxd5 Rxd5 33. Rfb1 Bd4 34. Bf4 Qd7 35. Bd6 d2 36. Kg2 Bxc5 37. Rxb7+ Qxb7 38. Rxb7+ Kxb7 39. Qb3+ Ka8 40. Qc4 Rxd6 41. Qf7 Red8 0-1

[Event "US Open-110"]
[Site "Indianapolis"]
[Date "2009.08.02"]
[Round "2"]
[White "Kudrin, Sergey"]
[Black "Chiang, Michael"]
[Result "1-0"]
[WhiteElo "2578"]
[BlackElo "1927"]
[PlyCount "39"]
[EventDate "2009.08.01"]
[EventType "swiss"]
[EventRounds "9"]
[EventCountry "USA"]
[SourceTitle "CBM 131 Extra"]
[Source "ChessBase"]
[SourceDate "2009.09.03"]
[SourceVersion "2"]
[SourceVersionDate "2009.09.16"]
[SourceQuality "1"]

1. e4 e5 2. Bc4 Nf6 3. d3 Nc6 4. Nf3 d6 5. Ng5 d5 6. exd5 Na5 7. Bb5+ c6 8. dxc6 bxc6 9. Ba4 Be7 10. 0-0 0-0 11. Bd2 Rb8 12. Qe1 Qd4 13. Nc3 Bg4 14. b3 Bb4 15. a3 Be7 16. h3 Bh5 17. Ne2 Bxe2 18. Qxe2 Nb7 19. Nf3 Qd6 20. Nxe5 1-0